000 00332nam a22001337a 4500
020 _a9789693511321
040 _cNUST
082 _a297.4 AHM
100 _aAhmad Rafiq Akhtar, Prof
_988786
245 _aKisht-e-Zarbar
260 _aLAHORE:
_bSang E Meel Publications,
_c2012.
650 _aISLAM-SUFISM
_988787
942 _2ddc
_cBK
999 _c587778
_d587778